| 000 | 00860nas a2200289 4500 | ||
|---|---|---|---|
| 001 | BR9002282 | ||
| 003 | BR-BrBNA | ||
| 005 | 20231205091847.0 | ||
| 007 | ta | ||
| 008 | 230509b bl.|||p| |||| 00| 00por d | ||
| 040 |
_aBR-BrBNA _bpor _cBiblioteca Nacional de Agricultura |
||
| 041 | _a(Pt) | ||
| 072 | _aP34; F61; F01 | ||
| 100 | 1 | _aSeganfredo, M.A. | |
| 100 | 1 | _aSelbach, P.A. | |
| 245 | 1 | _aResposta de centrosema a inoculacao com estirpes locais de Bradyrhizobium sp. | |
| 650 | _aCENTROSEMA | ||
| 650 | _aRHIZOBIUM | ||
| 650 | _aINOCULACAO | ||
| 650 | _aFIXACAO DE NITROGENIO | ||
| 650 | _aESTUFA | ||
| 650 | _aPERFORMANCE | ||
| 650 | _aPORTO ALEGRE | ||
| 773 | 0 |
_tPesquisa Agropecuaria Brasileira (Brazil) _xISSN 0100-204X _g(Apr 1990), v. 25(4) p. 539-543 _wBR9002282 |
|
| 909 |
_a202311 _bLúcia _c55 _dLúcia Elande |
||
| 942 |
_2AGRIS _n0 _cANA |
||
| 999 |
_c127807 _d127807 |
||